Archivmaterialien zu Carl Schneider, 1891-1946

Gespeichert in:  
Bibliographische Detailangaben
1. VerfasserIn: Schneider, Carl 1891-1946 (Verfasst von)
Medienart: Elektronisch Archivmaterial
Sprache:Deutsch
In:Jahr: 2019
Online-Zugang: Archivdatenbank (Archivportal-D)
Verfügbarkeit prüfen: HBZ Gateway

MARC

LEADER 00000npc a22000002 4500
001 LR129585386
003 PipeLineGenerated
005 20260529132327.0
008 190606s2019 xx ||||| 00| ||ger c
100 |a Schneider, Carl  |0 (DE-588)129585386  |0 (DE-627)473360225  |d 1891-1946 
245 |a Archivmaterialien zu Carl Schneider, 1891-1946 
856 |u https://www.archivportal-d.de/person/gnd/129585386  |3 Archivdatenbank (Archivportal-D) 
ELC |a 1